000 00774nam a2200241Ia 4500
003 OSt
005 20220925172447.0
006 a|||||r|||| 00| 0
007 ta
008 220923b |||||||| |||| 00| 0 eng d
037 _cGeneral Book
040 _aRTL
_cRTL
_beng
041 _2eng
_aeng
082 _aX65.2.N84<N81r, M4
110 _aINDUSTRIAL CREDIT AND INVESTMENT CORPORATION OF INDIA LTD
_9241634
245 0 _aFinancial performance of companies
_b ICICI portfolio 1981-82.
260 _aBombay
_bICICI
_c1983
300 _a293p.
_ccm.
500 _aAppendix :251-254p.
700 _aINDUSTRIAL CREDIT AND INVESTMENT CORPORATION OF INDIA LTD
_9241635
942 _hX65.2.N84<N81r, M4
_cGB
_2CC
999 _c485134
_d485134